000 00722nam a22002051a 4500
005 20110718133350.0
008 091005s1977 cou 001 0 eng d
020 _c0.00
040 _aNEGST Library - Kenya
050 4 _aBS 325.V34 1977
082 0 _aBS 325.V34 1977
100 1 _aInternational Bible Society.
245 1 0 _aKoraawiizi ni nera nuukpanfalii Dooi : d.
260 _aColorado springs :
_bInternational Bible Soci,
_c1977.
300 _a556 p. : ill., m.
500 _a"New Testament of the Bible, Vagla (language of northwestern Ghana)." - T.p. verso. [Africana]
600 1 0 _aBible. N.T. Vagla. 1977.
600 1 0 _aVagla language - Texts.
852 _94.00
999 _c40828
_d40828